Methods to Achieve Rut-Resistant Durable Pavements (Record no. 529724)

000 -LEADER
fixed length control field 00305nam a22001337a 4500
003 - CONTROL NUMBER IDENTIFIER
control field NUST
038 ## - RECORD CONTENT LICENSOR
Staff Name MSOHAIL
082 ## - DEWEY DECIMAL CLASSIFICATION NUMBER
Classification number 0
100 ## - MAIN ENTRY--PERSONAL NAME
Personal name Gerald A Huber
9 (RLIN) 22350
245 ## - TITLE STATEMENT
Title Methods to Achieve Rut-Resistant Durable Pavements
260 ## - PUBLICATION, DISTRIBUTION, ETC.
Place of publication, distribution, etc. Washington
Name of publisher, distributor, etc. TRB
300 ## - PHYSICAL DESCRIPTION
Extent 61,p;
Dimensions 28cm
942 ## - ADDED ENTRY ELEMENTS (KOHA)
Source of classification or shelving scheme
Koha item type Book
Holdings
Withdrawn status Lost status Source of classification or shelving scheme Damaged status Not for loan Permanent Location Current Location Date acquired Total Checkouts Barcode Date last seen Price effective from Koha item type
          School of Civil and Environmental Engineering (SCEE) School of Civil and Environmental Engineering (SCEE) 10/02/2019   NIT-11085 10/02/2019 10/02/2019 Book
© 2023 Central Library, National University of Sciences and Technology. All Rights Reserved.